| 000 | 00502nam a2200181 a 4500 | ||
|---|---|---|---|
| 005 | 20240823063723.0 | ||
| 008 | 991125n1982 mx 000 0 spa u | ||
| 035 | _aUPN01000036669 | ||
| 049 | _aCG | ||
| 050 | 4 |
_aNC1810 _bCH3.4 |
|
| 100 | 1 | _aChávez Chávez, Esteban | |
| 245 | 1 | 0 |
_aManual para la elaboración de carteles / _cEsteban Chávez Chávez. |
| 260 |
_aMéxico : _bILCE, _c1982. |
||
| 300 |
_a54 p. : _bil. |
||
| 650 | 4 |
_aCarteles _97712 |
|
| 650 | 4 | _aIMPRESION DE CARTELES | |
| 905 | _aLibro | ||
| 999 |
_c36669 _d36669 |
||